| Tag |
First Indicator |
Second Indicator |
Subfields |
| LEADER |
00000cam a2200000 a 4500 |
| 001 |
in00002782928 |
| 005 |
20150922150448.0 |
| 008 |
120127s2013 cou b 001 0 eng |
| 010 |
|
|
|a 2012003127
|
| 020 |
|
|
|a 9781612052373 (hardcover : alk. paper)
|
| 020 |
|
|
|a 1612052371 (hardcover : alk. paper)
|
| 020 |
|
|
|a 9781612052380 (pbk. : alk. paper)
|
| 020 |
|
|
|a 161205238X (pbk. : alk. paper)
|
| 035 |
|
|
|a (OCoLC)ocn774213730
|
| 040 |
|
|
|a DLC
|c DLC
|d UtOrBLW
|
| 049 |
|
|
|a TXAM
|
| 050 |
0 |
0 |
|a HM881
|b .T55 2013
|
| 082 |
0 |
0 |
|a 303.48/4
|2 23
|
| 100 |
1 |
|
|a Tilly, Charles.
|
| 245 |
1 |
0 |
|a Social movements, 1768-2012 /
|c Charles Tilly and Lesley J. Wood.
|
| 250 |
|
|
|a 3rd ed.
|
| 264 |
|
1 |
|a Boulder, Colo. :
|b Paradigm Publishers,
|c [2013]
|
| 264 |
|
4 |
|c ©2013
|
| 300 |
|
|
|a xii, 204 pages ;
|c 23 cm.
|
| 336 |
|
|
|a text
|b txt
|2 rdacontent
|
| 337 |
|
|
|a unmediated
|b n
|2 rdamedia
|
| 338 |
|
|
|a volume
|b nc
|2 rdacarrier
|
| 504 |
|
|
|a Includes bibliographical references and index.
|
| 505 |
0 |
|
|a Preface to first edition -- Preface to second edition -- Social movements as politics -- Inventions of the social movement -- Nineteenth-century adventures -- Twentieth-century expansion and transformation? -- Social movements enter the twenty-first century -- Democratization and social movements -- Futures of social movements -- Discussion questions -- References -- Publications on social movements by charles tilly, 1977-2008 -- Index -- About the authors.
|
| 650 |
|
0 |
|a Social movements.
|
| 700 |
1 |
|
|a Wood, Lesley J.
|
| 945 |
|
|
|a PromptCat
|b 108321
|
| 946 |
|
|
|a stk
|
| 947 |
|
|
|a A14835930261
|
| 948 |
|
|
|a cataloged
|b h
|c 2012/12/4
|d c
|e dmitchel
|f 12:50:40 pm
|
| 994 |
|
|
|a 92
|b TXA
|
| 999 |
|
|
|a MARS
|
| 999 |
f |
f |
|s f9433563-9200-31b3-815a-93d2d33d1733
|i 1d86b96b-0d8b-3611-ab0d-461407c9c925
|t 0
|
| 952 |
f |
f |
|p normal
|a Texas A&M University
|b College Station
|c Sterling C. Evans Library
|s Evans stk
|d Evans: Library Stacks
|t 0
|e HM881 .T55 2013
|h Library of Congress classification
|i unmediated -- volume
|m A14835930261
|
| 998 |
f |
f |
|a HM881 .T55 2013
|t 0
|l Evans: Library Stacks
|